Sports Quiz

Random Sports or WWE Quiz

WWE Wrestlemania Main Event Winners Quiz Stats

 Plays Quiz not verified by Sporcle

Challenge
Share
Tweet
Embed
Score 0/29 Timer 10:00
0 Plays Today
Hint Answer % Correct
The Rock vs. John Cenathe rock
97.6%
Hulk Hogan vs. King Kong Bundyhulk hogan
96.6%
Andre The Giant vs. Hulk Hoganhulk hogan
96.6%
Randy Savage vs. Hulk Hoganhulk hogan
96.6%
Hulk Hogan vs. Sgt. Slaughterhulk hogan
96.6%
Sid Justice vs. Hulk Hoganhulk hogan
96.6%
Hulk Hogan vs. Yokozunahulk hogan
96.6%
Sycho Sid vs. Undertakerundertaker
96.1%
Edge vs Undertakerundertaker
96.1%
Undertaker vs. Shawn Michaelsundertaker
96.1%
The Miz vs. John Cena the miz
95.6%
John Cena vs. Triple Hjohn cena
95.1%
Shawn Michaels vs. John Cenajohn cena
95.1%
John Cena vs. The Rockjohn cena
95.1%
Ted DiBiase vs. Randy Savagerandy savage
94.6%
Hint Answer % Correct
Triple H vs. Mankind vs. The Rock vs The Big Showtriple h
94.6%
Chris Jericho vs Triple Htriple h
94.6%
Triple H vs. Batistabatista
94.6%
Randy Orton vs. Triple Htriple h
94.6%
Hulk Hogan vs. The Ultimate Warriorthe ultimate warrior
93.7%
Bret Hart vs. Shawn Michaelsshawn michaels
93.7%
Stone Cold Steve Austin vs. Shawn Michaelsstone cold steve austin
93.7%
The Rock vs. Stone Cold Steve Austinstone cold steve austin
93.7%
Stone Cold Steve Austin vs. The RockStone Cold Steve Austin
93.7%
Yokozuna vs. Bret Hartbret hart
93.2%
Shawn Michaels vs. Dieseldiesel
92.7%
Brock Lesnar vs. Kurt Anglebrock lesnar
92.7%
Shawn Michaels vs. Chris Benoit vs. Triple Hchris benoit
92.7%
Roddy Piper and Paul Orndorff vs. Hulk Hogan and Mr Thulk hogan and mr t
86.8%

You're not logged in!

Compare scores with friends on all Sporcle quizzes.
OR
Log In

You Might Also Like...

Show Comments

Extras

Top Quizzes Today


Score Distribution

Your Account Isn't Verified!

In order to create a playlist on Sporcle, you need to verify the email address you used during registration. Go to your Sporcle Settings to finish the process.

Report this User

Report this user for behavior that violates our Community Guidelines.

Details: